[Event "Challenge"]
[Site "http://www.queenalice.com/game.php?id=1028350"]
[Date "2012.2.9"]
[Round "-"]
[White "juliojcjc"]
[Black "Atalxxi"]
[Result "1-0"]
[WhiteElo "1528"]
[BlackElo "1271"]

1. e4 e5 2. Bc4 c6 3. Qf3 d5 4. exd5 Nf6 5. dxc6 Nxc6 6. c3 e4 7. Qe3 Bd6 8. d3
Bf5 9. f3 O-O 10. fxe4 Ng4 11. Qf3 Qe7 12. Qxf5 Nge5 13. d4 Nxc4 14. Bg5 Qe8 15.
Qg4 Nxb2 16. Bh6 Nd3+ 17. Ke2 Nf4+ 18. Bxf4 Qxe4+ 19. Kf1 Rae8 20. Nd2 Qe1+ 21.
Rxe1 Bxf4 22. Qxf4 Rc8 23. Qg4 Na5 24. Ne4 Nc4 25. Qh4 g6 26. Ng5 h5 27. N1f3
Kg7 28. g4 Na3 29. gxh5 Rxc3 30. hxg6 Rh8 31. Qe4 fxg6 32. Qe7+ Kh6 33. Nf7+ Kh5
34. Nxh8 Rxf3+ 35. Kg2 Rf5 36. Qe2+ Kh6 37. Qg4 Rg5 38. Qxg5+ Kxg5 39. h4+ Kh5
40. Re5+ Kh6 41. h5 Nc4 42. hxg6+ Kg7 43. Re6 b6 44. Rh7+ Kf8 45. Rf7+ 1-0

[Event "Challenge"]
[Site "http://www.queenalice.com/game.php?id=1028351"]
[Date "2012.2.9"]
[Round "-"]
[White "juliojcjc"]
[Black "Atalxxi"]
[Result "1-0"]
[WhiteElo "1551"]
[BlackElo "1284"]

1. e4 Nc6 2. Nc3 e5 3. Nf3 Nf6 4. Bc4 d5 5. exd5 Nd4 6. Nxe5 Bd6 7. f4 Bf5 8.
Bb3 O-O 9. g4 Bd7 10. h3 Bxe5 11. fxe5 Qe7 12. O-O Qxe5 13. d3 c6 14. Bf4 Qe7
15. g5 Bxh3 16. gxf6 Qxf6 17. dxc6 bxc6 18. Ne4 Qg6+ 19. Ng5 Bxf1 20. Kxf1 Rae8
21. c3 h6 22. Nh3 Re2 23. Nf2 Rfe8 24. cxd4 Qf6 25. Ne4 Qxf4+ 26. Kxe2 Kh8 27.
Qh1 f5 28. Rf1 Qg4+ 29. Kd2 fxe4 30. Bd1 e3+ 31. Kc3 e2 32. Bxe2 Qxe2 33. Rf7
Re3 34. Rf8+ Kh7 35. Kc4 Qxd3+ 36. Kc5 Qb5+ 37. Kd6 Qb4+ 38. Kxc6 Qxf8 39. Qb1+
Kh8 40. d5 Rd3 41. Qxd3 Qd8 42. d6 Qc8+ 43. Kb5 Qd7+ 44. Kb4 h5 45. Kc5 g5 46.
Qg6 Qg4 47. Kc6 Qc4+ 48. Kd7 Qg4+ 49. Ke7 Qf4 50. Qxh5+ Kg7 51. d7 Qe5+ 52. Kd8
Qf6+ 53. Kc8 Qc6+ 54. Kd8 Qb6+ 55. Ke8 Qb8+ 56. d8=Q 1-0

[Event "Challenge"]
[Site "http://www.queenalice.com/game.php?id=1039324"]
[Date "2012.3.15"]
[Round "-"]
[White "juliojcjc"]
[Black "Wilson"]
[Result "1-0"]
[WhiteElo "1534"]
[BlackElo "1563"]

1. e4 e5 2. Nf3 d6 3. Bc4 Nf6 4. Ng5 Be7 5. Nxf7 Qd7 6. Nxh8 b5 7. Bf7+ Kf8 8.
Bb3 d5 9. exd5 Bd6 10. h3 c5 11. d3 Qf5 12. g4 Qg6 13. Nxg6+ hxg6 14. g5 Nh7 15.
Nc3 Bd7 16. a4 b4 17. Nb5 Be7 18. Nc7 Nxg5 19. Nxa8 Na6 20. h4 Nh7 21. Bc4 Bc8
22. h5 g5 23. h6 g6 24. Bxa6 Bxa6 25. Nc7 Bb7 26. Qf3+ Bf6 27. Ne6+ Ke7 28. Nxc5
Ba8 29. Ne4 Bxd5 30. c4 bxc3 31. bxc3 Ke6 32. Qg4+ Ke7 33. Ba3+ Kd8 34. Rb1 Kc7
35. Nxf6 Bxh1 36. Qd7# 1-0

[Event "Challenge"]
[Site "http://www.queenalice.com/game.php?id=1039326"]
[Date "2012.3.15"]
[Round "-"]
[White "juliojcjc"]
[Black "LAIRE"]
[Result "0-1"]
[WhiteElo "1556"]
[BlackElo "2161"]

1. e4 e6 2. Bc4 d5 3. exd5 exd5 4. Bb3 Nf6 5. Qe2+ Qe7 6. Ba4+ c6 7. d3 Qxe2+ 8.
Nxe2 Bd6 9. f3 O-O 10. h4 Re8 11. g4 Na6 12. c3 Nc7 13. g5 Nh5 14. Nd2 Nf4 15.
Bd1 Nxd3+ 16. Kf1 Ne6 17. Bc2 Nxc1 18. Rxc1 Nf4 19. Nd4 Bd7 20. h5 c5 21. N4b3
Bb5+ 22. Kf2 Re2+ 23. Kg1 Rg2# 0-1

[Event "Challenge"]
[Site "http://www.queenalice.com/game.php?id=1039761"]
[Date "2012.3.16"]
[Round "-"]
[White "maxbply"]
[Black "juliojcjc"]
[Result "1-0"]
[WhiteElo "1657"]
[BlackElo "1556"]

1. e4 e6 2. d4 Qf6 3. Nf3 Nc6 4. Bg5 Qg6 5. Bd3 f5 6. e5 h6 7. Bf4 Qxg2 8. Rg1
Qh3 9. Bf1 Qh5 10. a3 Nge7 11. Nc3 g5 12. Be3 g4 13. Nd2 Qxh2 14. Rg2 Qh1 15.
Qe2 Ng6 16. O-O-O Nh4 17. Rg3 Bg7 18. f4 gxf3 19. Nxf3 Nxf3 20. Rxg7 Ng5 21. Bg2
Qh2 22. Rh1 Qg3 23. Rxg5 hxg5 24. Rxh8+ Kf7 25. Qh5+ Ke7 26. Qe8# 1-0

[Event "Challenge"]
[Site "http://www.queenalice.com/game.php?id=1039762"]
[Date "2012.3.16"]
[Round "-"]
[White "juliojcjc"]
[Black "maxbply"]
[Result "0-1"]
[WhiteElo "1556"]
[BlackElo "1757"]

1. e4 e5 2. Bc4 Nf6 3. h4 Bc5 4. Qf3 Nc6 5. c3 d6 6. g4 Bxg4 7. Qg3 O-O 8. f3
Bd7 9. d3 Na5 10. b4 Nxc4 11. dxc4 Bb6 12. h5 Ne8 13. Bh6 Kh8 14. Bxg7+ Nxg7 15.
h6 Ne6 16. Nh3 Rg8 17. Qh2 Qh4+ 18. Kd2 Qxh6+ 19. Kd3 Qe3+ 20. Kc2 Qxf3 21. Nf4
Qxe4+ 22. Nd3 Rg2+ 23. Nd2 Rxh2 24. Rxh2 Ba4+ 25. Nb3 Qxc4 26. Rah1 Nd4+ 27. Kd2
Nf3+ 28. Kd1 Nxh2 29. Rxh2 Bxb3+ 30. axb3 Qxd3+ 31. Rd2 Qxc3 32. Rf2 Bxf2 33.
Ke2 Rg8 34. Kxf2 Qh3 35. Ke2 Rg2+ 36. Kf1 Qh1# 0-1

[Event "Challenge"]
[Site "http://www.queenalice.com/game.php?id=1045445"]
[Date "2012.4.3"]
[Round "-"]
[White "Narciso"]
[Black "juliojcjc"]
[Result "0-1"]
[WhiteElo "1437"]
[BlackElo "1568"]

1. d4 e6 2. e3 h5 3. Bd3 Nf6 4. Bd2 Ng4 5. Nf3 Qf6 6. h3 Nh6 7. c3 b6 8. Qc2 Bb7
9. e4 Nc6 10. e5 Qe7 11. b4 a5 12. Ng5 f6 13. Ne4 fxe5 14. Na3 axb4 15. Qb2 bxa3
16. Qb3 Na5 17. Qb5 Ba6 18. Bg5 Qf7 19. Qb1 d5 20. Bxh6 gxh6 21. Bxa6 Rxa6 22.
Qb5+ Nc6 23. Qxa6 exd4 24. Qc8+ Nd8 25. f3 dxe4 26. cxd4 exf3 27. Rc1 Bb4+ 28.
Kf2 fxg2+ 29. Kxg2 Rg8+ 30. Kh2 Qf2# 0-1

[Event "Challenge"]
[Site "http://www.queenalice.com/game.php?id=1045488"]
[Date "2012.4.3"]
[Round "-"]
[White "juliojcjc"]
[Black "Narciso"]
[Result "1-0"]
[WhiteElo "1556"]
[BlackElo "1449"]

1. e4 e5 2. Nf3 d6 3. Bc4 Be6 4. Bb5+ c6 5. Be2 Be7 6. h4 Bg4 7. Nc3 Bxf3 8.
Bxf3 f6 9. Bh5+ g6 10. Bf3 Nh6 11. d3 Nd7 12. Bxh6 Bf8 13. Bc1 h6 14. h5 g5 15.
d4 Qa5 16. Bd2 Qb6 17. dxe5 dxe5 18. Bg4 Qxb2 19. Rb1 Qa3 20. Bc1 Qxc3+ 21. Bd2
Qa3 22. Rxb7 Bc5 23. Bxd7+ Kd8 24. Bxc6 Qa6 25. Ba5+ Kc8 26. Qd7# 1-0

[Event "Challenge"]
[Site "http://www.queenalice.com/game.php?id=1047684"]
[Date "2012.4.10"]
[Round "-"]
[White "juliojcjc"]
[Black "Wavid"]
[Result "0-1"]
[WhiteElo "1579"]
[BlackElo "1599"]

1. e4 e5 2. Bc4 Nf6 3. d3 c6 4. Nh3 d5 5. exd5 cxd5 6. Bb5+ Bd7 7. Bxd7+ Qxd7 8.
Qf3 e4 9. Qe3 Ng4 10. Qe2 Qf5 11. f3 Ne5 12. fxe4 dxe4 13. dxe4 Qg4 14. Qb5+
Nbd7 15. Qxb7 Rb8 16. Qxa7 Qxg2 17. Nf2 Bc5 18. Qa4 Bxf2+ 19. Ke2 Bd4+ 20. Kd1
Qxh1+ 21. Kd2 Qg2+ 22. Kd1 Qf1+ 23. Kd2 Nf3# 0-1

[Event "Challenge"]
[Site "http://www.queenalice.com/game.php?id=1055651"]
[Date "2012.5.3"]
[Round "-"]
[White "Rogerio11"]
[Black "juliojcjc"]
[Result "0-1"]
[WhiteElo "1319"]
[BlackElo "1581"]

1. e4 e6 2. e5 Nc6 3. d4 Bb4+ 4. Nc3 Ba5 5. Be3 f6 6. Nf3 fxe5 7. dxe5 Nge7 8.
Ng5 Nxe5 9. Qh5+ g6 10. Qh6 d5 11. Nxh7 d4 12. Qg7 Nf7 13. Bxd4 e5 14. Bc4 exd4
15. Bxf7+ Kd7 16. Nf6+ Kc6 17. Qxg6 Nxg6 18. Bxg6 Qxf6 19. Be4+ Kd6 20. a3 Rf8
21. b4 Qxf2+ 22. Kd1 dxc3 23. bxa5 Qd2# 0-1

[Event "Challenge"]
[Site "http://www.queenalice.com/game.php?id=1058638"]
[Date "2012.5.11"]
[Round "-"]
[White "juliojcjc"]
[Black "crisvolei"]
[Result "1-0"]
[WhiteElo "1568"]
[BlackElo "1565"]

1. e4 e5 2. Nf3 d6 3. d3 Qf6 4. Bg5 Qg6 5. h4 f6 6. h5 Qf7 7. Be3 h6 8. Nc3 a6
9. Nd5 Qd7 10. g3 Qc6 11. c4 Ne7 12. b3 a5 13. a4 Na6 14. Nh4 f5 15. exf5 Nxd5
16. cxd5 Qxd5 17. Ng6 Rh7 18. Rh4 Nb4 19. f4 Bxf5 20. Nxf8 Bxd3 21. Nxh7 Nc2+
22. Kf2 Nxe3 23. Kxe3 Qd4+ 24. Kf3 Qd5+ 25. Kf2 Qd4+ 26. Ke1 Qe3+ 27. Be2 Qxg3+
28. Kd2 Bxe2 29. Qxe2 Qxh4 30. fxe5 Qd4+ 31. Kc2 O-O-O 32. Rd1 Qc5+ 33. Kb1 Qa3
34. Qg4+ Kb8 35. Qc4 c5 36. exd6 Kc8 37. Qe6+ Rd7 38. Qe8+ Rd8 39. d7+ Kc7 40.
Qe5+ Kb6 41. Qe6+ Ka7 42. Nf8 Qb4 43. Ng6 Qc3 44. Ne7 c4 45. Nc8+ Kb8 46. Qd6+
Ka8 47. Nb6+ Ka7 48. Nxc4 Qxb3+ 49. Nb2 Qf7 50. Qc5+ Kb8 51. Qe5+ Ka7 52. Qc7
Qf5+ 53. Ka1 Rxd7 54. Rxd7 Qf1+ 55. Ka2 Qa6 56. Rxg7 Qe6+ 57. Ka1 Qe1+ 58. Ka2
Qb4 59. Qc4 Qxc4+ 60. Nxc4 Ka6 61. Rg6+ Ka7 62. Rxh6 Kb8 63. Nxa5 Kc7 64. Rh7+
Kb6 65. Nc4+ Kc6 66. h6 b5 67. axb5+ Kxb5 68. Na3+ Ka4 69. Rf7 Kb4 70. h7 Kc3
71. h8=Q+ Kd3 72. Qh4 Ke3 73. Qf4+ Ke2 74. Qf3+ Kd2 75. Qg3 Kc1 76. Rf2 Kd1 77.
Qg1# 1-0

[Event "Challenge"]
[Site "http://www.queenalice.com/game.php?id=1058639"]
[Date "2012.5.11"]
[Round "-"]
[White "juliojcjc"]
[Black "crisvolei"]
[Result "0-1"]
[WhiteElo "1587"]
[BlackElo "1514"]

1. e4 e5 2. Nf3 Nc6 3. d3 Bc5 4. Ng5 Qf6 5. f3 h6 6. Nh3 Nd4 7. c3 Ne6 8. b4 Bb6
9. Na3 g5 10. g4 Ne7 11. Nc4 Ng6 12. a4 a5 13. bxa5 Bc5 14. Bb2 Ngf4 15. d4 exd4
16. Rc1 d5 17. exd5 Nxd5 18. cxd4 Bb4+ 19. Nd2 Nxd4 20. Rc4 Ne3 21. Bxd4 Qe6 22.
Bxh8 Nxd1+ 23. Re4 Qxe4+ 24. fxe4 Bxg4 25. Nf2 Nxf2 26. Kxf2 Bxd2 27. h3 Be6 28.
Bg7 O-O-O 29. Bxh6 f5 30. a6 bxa6 31. Bxa6+ Kb8 32. Rd1 fxe4 33. h4 e3+ 34. Ke2
Bg4+ 35. Kf1 Bxd1 36. Be2 Bxe2+ 37. Kxe2 gxh4 38. Bg5 h3 39. Bxd8 h2 40. a5 h1=Q
41. a6 Qe1+ 42. Kd3 c6 43. Be7 Qf1+ 44. Kc2 e2 45. Bd6+ Ka7 46. Kxd2 e1=Q+ 47.
Kc2 Qc1+ 48. Kb3 Qfd1+ 49. Kb4 Qdd2+ 50. Kb3 Qcc3+ 51. Ka4 Qdc2# 0-1

[Event "Challenge"]
[Site "http://www.queenalice.com/game.php?id=1061264"]
[Date "2012.5.18"]
[Round "-"]
[White "juliojcjc"]
[Black "zmanomega"]
[Result "0-1"]
[WhiteElo "1589"]
[BlackElo "1590"]

1. e4 e5 2. Bc4 d6 3. Qf3 f6 4. d3 Nc6 5. c3 a6 6. Bg5 Qe7 7. Be3 Na5 8. b4 Nxc4
9. dxc4 Be6 10. c5 Bc4 11. Na3 O-O-O 12. Nxc4 dxc5 13. bxc5 Rd3 14. Ne2 Qe6 15.
Na5 Ne7 16. O-O Nc6 17. Nc1 Rxc3 18. Nxc6 Qxc6 19. Rd1 Bxc5 20. Qh3+ Kb8 21. Nd3
Ba3 22. Qg4 g5 23. Rab1 h5 24. Qf5 h4 25. Nb4 Bxb4 26. Rxb4 b5 27. a4 Rg8 28.
axb5 axb5 29. Ra1 Rd8 30. Qg4 Rh8 31. Rab1 Qa6 32. Rxb5+ Ka8 33. Qd7 Ra3 34.
Qd5+ c6 35. Qd6 cxb5 36. Qxa6+ Rxa6 37. h3 Rb8 38. Bc5 Ra4 39. Be7 Rxe4 40. Bxf6
Re2 41. Bxg5 Re4 42. f3 Rc4 43. Re1 Re8 44. Ra1+ Kb7 45. Rb1 Kb6 46. Be3+ Kc6
47. Kh2 e4 48. fxe4 Rexe4 49. Bg5 b4 50. Bd2 Kc5 51. Bxb4+ Rxb4 52. Rxb4 Kxb4
53. g4 Re2+ 54. Kg1 Kc4 55. Kf1 Kd3 56. g5 Re8 57. Kf2 Ke4 58. g6 Rg8 59. g7
Rxg7 60. Kf1 Rg3 61. Kf2 Kf4 62. Kf1 Kf3 63. Ke1 Rxh3 64. Kd2 Rh2+ 65. Kd3 h3
66. Kd4 Rg2 67. Ke5 h2 68. Kf5 h1=Q 69. Ke5 Qh5+ 70. Kd4 Rg4+ 71. Kd3 Qd5+ 72.
Kc3 Rc4+ 73. Kb3 Qb5+ 74. Ka2 Ra4# 0-1

[Event "Challenge"]
[Site "http://www.queenalice.com/game.php?id=1065244"]
[Date "2012.5.29"]
[Round "-"]
[White "Samaell"]
[Black "juliojcjc"]
[Result "0-1"]
[WhiteElo "1304"]
[BlackElo "1568"]

1. e4 e5 2. Nc3 c6 3. Nf3 Qf6 4. Bc4 Bc5 5. O-O h5 6. d3 d6 7. Ng5 Nh6 8. Qf3
Bg4 9. Qxf6 gxf6 10. Nh3 Rg8 11. Kh1 b5 12. Bb3 Rg6 13. Bxh6 Rxh6 14. f3 Bd7 15.
Nf2 b4 0-1

[Event "Challenge"]
[Site "http://www.queenalice.com/game.php?id=1066263"]
[Date "2012.5.31"]
[Round "-"]
[White "lucasdelimagalvao"]
[Black "juliojcjc"]
[Result "0-1"]
[WhiteElo "1297"]
[BlackElo "1584"]

1. e4 e5 2. Nf3 Qf6 3. Nc3 c6 4. d4 exd4 5. e5 Qe7 6. Qxd4 f6 7. Bf4 g5 8. Bg3
c5 9. Qe3 Bg7 10. exf6 Bxf6 11. Qxe7+ Nxe7 12. Bc4 d5 13. Nxd5 Nxd5 14. Bxd5 Na6
15. Rd1 Nb4 16. Be4 Nxa2 17. c3 g4 18. Nd2 h5 19. Ra1 h4 20. Bf4 Nxc3 21. bxc3
Bxc3 22. Rc1 Bb4 23. Be5 Rh5 24. Bg6+ Ke7 25. Bxh5 Be6 26. O-O Rg8 27. Rfe1 h3
28. gxh3 gxh3+ 29. Kf1 Bxd2 0-1

[Event "Challenge"]
[Site "http://www.queenalice.com/game.php?id=1074094"]
[Date "2012.6.20"]
[Round "-"]
[White "juliojcjc"]
[Black "talisman77"]
[Result "0-1"]
[WhiteElo "1573"]
[BlackElo "1851"]

1. e4 e5 2. Nf3 Nc6 3. c3 Nf6 4. Bd3 Bc5 5. Qb3 O-O 6. Ng5 d6 7. Bc4 Qe8 8.
Bxf7+ Rxf7 9. Nxf7 Qxf7 10. Qxf7+ Kxf7 11. b4 Bb6 12. b5 Nd8 13. a4 Ne6 14. g3
Nxe4 15. d3 Nxf2 16. Rf1 Kg6 17. Rxf2 Bxf2+ 18. Kxf2 Nc5 19. Ke3 Nb3 20. Ra2
Nxc1 21. Rb2 Bf5 22. Na3 Nxd3 23. Rg2 Nc5 24. g4 Be6 25. a5 Rf8 26. h4 Rf4 27.
h5+ Kg5 28. Nc2 Rxg4 29. Rh2 Rg3+ 30. Kd2 Ne4+ 31. Kc1 Rxc3 32. Rg2+ Kf6 33. Kb2
Rb3+ 34. Kc1 Rxb5 35. Rh2 Rxa5 36. h6 g6 37. Ne3 c5 38. Rh1 Ra1+ 39. Kc2 Rxh1
40. Kd3 d5 41. Nc2 b5 42. Na3 Rh3+ 43. Kc2 Rxa3 44. Kb2 Rh3 0-1

[Event "Challenge"]
[Site "http://www.queenalice.com/game.php?id=1077694"]
[Date "2012.6.29"]
[Round "-"]
[White "juliojcjc"]
[Black "nemeth"]
[Result "0-1"]
[WhiteElo "1571"]
[BlackElo "2142"]

1. e4 c5 2. Nc3 Nc6 3. Nf3 g6 4. Ng5 Bg7 5. Qf3 Ne5 6. Qf4 h6 7. Nh3 d6 8. Bb5+
Bd7 9. g4 a6 10. Ba4 b5 11. Bxb5 axb5 12. f3 Nf6 13. b3 b4 14. Nd5 Nxd5 15. exd5
Nxg4 16. fxg4 Bxa1 17. Rf1 f6 18. d3 Rxa2 19. Nf2 Rxc2 20. Qe4 Rxc1+ 21. Ke2 f5
22. gxf5 Bxf5 23. Qf4 Rxf1 24. Kxf1 O-O 25. Kg2 g5 26. Qg3 Bd4 27. h4 Bxf2 28.
Kxf2 Qa8 29. Ke3 Qa1 30. hxg5 Qc1+ 31. Ke2 Qc2+ 32. Ke3 Qxd3+ 33. Kf2 Bg4+ 34.
Kg2 Qe2+ 35. Kh1 Rf1+ 36. Qg1 Bf3# 0-1

[Event "Challenge"]
[Site "http://www.queenalice.com/game.php?id=1077695"]
[Date "2012.6.29"]
[Round "-"]
[White "juliojcjc"]
[Black "nemeth"]
[Result "0-1"]
[WhiteElo "1573"]
[BlackElo "2156"]

1. e4 c5 2. Bc4 e6 3. Nh3 d5 4. exd5 exd5 5. Bb5+ Bd7 6. Qe2+ Be7 7. Bxd7+ Nxd7
8. Qf3 Ngf6 9. d3 O-O 10. Qg3 Re8 11. Bh6 Bf8+ 12. Kd1 c4 13. Nd2 Ne5 14. f3
cxd3 15. cxd3 Nxd3 16. Kc2 Nb4+ 17. Kd1 Qd6 18. Bf4 Qa6 19. a3 Qe2+ 20. Kc1
Rac8+ 21. Kb1 Qd3# 0-1